000 01493nam0a2200337 4500
001 RU\NLR\bibl\1307316
005 20260405113926.0
010 _a978-5-91310-038-2
_93000
021 _aRU
_b2008-83443
_94865
035 _a(NLR Aleph) 001292817
090 _a570098
_c570098
100 _a20081212d2008 |||y0rusy50 ca
101 0 _arus
102 _aRU
105 _aa |||||||||
200 1 _aБольшой справочник кадровика
_fЮ.А. Васина
205 _a3-е изд., перераб. и доп.
210 _aМосква
_cИндексМедиа
_d2008
215 _a790, [1] с.
_cил.
_d24
320 _aБиблиогр. в подстроч. примеч.
606 1 _aКадровые службы
_jСправочники
_xОрганизация работы
_91996107
_3RU\NLR\auth\66916886
606 1 _aКадры
_jСправочники
_xУправление
_xДокументация
_yРоссийская Федерация
_92240854
_3RU\NLR\auth\661344649
606 1 _aТрудовое право
_jСправочники
_yРоссийская Федерация
_92071166
_3RU\NLR\auth\661245915
686 _aУ24(2)0-21я2
686 _aХ627я2
700 1 _4070
_8rus
_7ca
_aВасина
_bЮ. А.
_cспец. в обл. кадровой политики
_gЮлия Александровна
_3RU\NLR\auth\7744544
_927484
801 0 _aRU
_bNLR
_c20081212
_gRCR
801 1 _aRU
_bNLR
_c20081212
942 _cBOOK
980 _aNB